000
002900000a22000970004500
100
1
_a
Montgomery, Jim
245
1
0
_a
Mission leaders critique the "World christian global action plan"
300
_a
Vol.24, núm.4 (July-August, 2002), Páginas 12-14
773
0
_t
Mission Frontiers
942
_c
ANA
999
_c
60396
_d
60396